000
00198nam a22000857a 4500
008
170511b xxu||||| |||| 00| 0 eng d
100
_9
3105
_a
Vats.K.
245
_a
Micro Economics-XII
260
_a
New Delhi
999
_c
6392
_d
6392